000 005490000a22001450004500
090 _aAS
_bSeriadas
245 1 0 _aEspecializaciones del integumento dorsal de Centrolenella acathidiocephala Ruíz-Carranza & Lynch, 1989 (Amphibia Anura Centrolenidae)
041 0 _aEspañol
700 1 _aPérez, Gloria de
_9100318
700 1 _aRuíz Carranza, Pedro M.
_994187
700 1 _aHernández Camacho, Jorge
_9100326
100 1 _aRamírez, Martha Patricia
_999185
942 _cARTICULO
773 1 _tTrianea
_kActa Científica y Tecnológica
_h3
_q105-128
_d1989
999 _c16182
_d16182